| 000 | 00910nam a2200181Ia 4500 | ||
|---|---|---|---|
| 008 | 100920s9999 xx 000 0 und d | ||
| 082 |
_b73312 _a891.43 थ 97 |
||
| 100 | _aसहाय बलदेव /अनु. उपाध्याय राजेंद्र प्रसाद. | ||
| 245 | _aभारतीय जहाजरानी ऎतिहासिक परिप्रेक्ष्य. | ||
| 260 |
_bसूचना और प्रसारण मन्त्रालय, भारत सरकार. _c1997 |
||
| 300 |
_a244 _bसाधी |
||
| 365 | _b150 | ||
| 520 | _aहिंदी. | ||
| 630 | _aभारतीय जहाजरानी ऎतिहासिक परिप्रेक्ष्य. | ||
| 650 | _aहिंदी. | ||
| 730 | _aभारतीय जहाजरानी ऎतिहासिक परिप्रेक्ष्य. | ||
| 942 | _cBOOK | ||
| 999 |
_c714991 _d714988 |
||